000 00219nam a2200097Ia 4500
008 190216s9999||||xx |||||||||||||| ||und||
100 _aBernardshaw
245 0 _aArms And The Man
260 _bOrient Longman
942 _cBK
999 _c13071
_d13071